Lifting the lid (Record no. 74334)

MARC details
000 -LEADER
fixed length control field 00979cab a2200217 4500
001 - CONTROL NUMBER
control field ABS67587
008 - FIXED-LENGTH DATA ELEMENTS--GENERAL INFORMATION
fixed length control field 040331n2004 000 0 eng u
035 ## - SYSTEM CONTROL NUMBER
System control number (Sirsi) u125693
100 ## - MAIN ENTRY--PERSONAL NAME
Personal name Goldsmith, S.
245 ## - TITLE STATEMENT
Title Lifting the lid
260 ## - PUBLICATION, DISTRIBUTION, ETC.
Date of publication, distribution, etc. 2004
490 ## - SERIES STATEMENT
Series statement Architects' Journal
Volume/sequential designation 219(8) 26 February 2004, 44-45(2)
520 ## - SUMMARY, ETC.
Summary, etc. Second article on the new Building Regulations Approved Document Part M. Suggests sanitary facilities built to accommodate wheelchair users may not always suit other building users. Looks at some of the problems which arise with design of such facilities. Table on effective door clearance width. (See also Abs67490).
590 ## - LOCAL NOTE (RLIN)
Local note ABS
650 ## - SUBJECT ADDED ENTRY--TOPICAL TERM
Topical term or geographic name entry element BUILDING REGULATIONS 1991 APPROVED DOCUMENT M (2004 EDITION)
650 ## - SUBJECT ADDED ENTRY--TOPICAL TERM
Topical term or geographic name entry element MANAGEMENT-BUSINESS MANAGEMENT-DISCRIMINATION-DISABILITY DISCRIMINATION-ACCESSIBILITY
650 ## - SUBJECT ADDED ENTRY--TOPICAL TERM
Topical term or geographic name entry element SANITARY FACILITIES
650 ## - SUBJECT ADDED ENTRY--TOPICAL TERM
Topical term or geographic name entry element TOILETS
690 ## - LOCAL SUBJECT ADDED ENTRY--TOPICAL TERM (OCLC, RLIN)
Topical term or geographic name as entry element BUILT ENVIRONMENT-BUILDING STANDARDS
942 ## - ADDED ENTRY ELEMENTS (KOHA)
Suppress in OPAC 0
Holdings
Withdrawn status Lost status Source of classification or shelving scheme Damaged status Not for loan Home library Current library Shelving location Date acquired Total Checkouts Full call number Barcode Date last seen Copy number Price effective from Koha item type
    Dewey Decimal Classification     London London Journal article 31/03/2004   ABS67587 125693-1001 06/08/2019 1 06/08/2019 Journal article